000 00261nam a22001097a 4500
008 170125b xxu||||| |||| 00| 0 eng d
020 _a9780323037631
041 _aeng
080 _a618.2
245 _aTOUR GUIDE TO NURSING SCHOOL
_cCHENEVERT, M
942 _2udc
_cBK
999 _c3585
_d3585